The business of shipbuilding
Αποθηκεύτηκε σε:
| Κύριος συγγραφέας: | |
|---|---|
| Άλλοι συγγραφείς: | |
| Μορφή: | Βιβλίο |
| Γλώσσα: | English |
| Δημοσίευση: |
London : Hong Kong :
LLP,
1999
|
| Σειρά: | Business of shipping series
|
| Θέματα: | |
| Ετικέτες: |
Προσθήκη ετικέτας
Δεν υπάρχουν, Καταχωρήστε ετικέτα πρώτοι!
|
MARC
| LEADER | 00000cam a2200000 i 4500 | ||
|---|---|---|---|
| 001 | 1/8685 | ||
| 008 | 000710s1999 eng d | ||
| 020 | |a 1-85978-851-3 | ||
| 035 | |l 10062773 | ||
| 040 | |a GR-MY-UA |b gre |e aacr | ||
| 041 | 0 | |a eng | |
| 082 | 0 | |a 338.4762382 | |
| 100 | 1 | |a Bruce, George J. | |
| 245 | 1 | 4 | |a The business of shipbuilding / |c by George J. Bruce and Ian Garrard |
| 260 | |a London : |a Hong Kong : |b LLP, |c 1999 | ||
| 300 | |a xxi, 278 p., [8] p. of plates; |b ill.; |c 24 cm | ||
| 490 | 1 | |a Business of shipping series | |
| 650 | 0 | 0 | |a Shipbuilding |x Economic aspects. |
| 650 | 0 | 0 | |a Shipbuilding industry. |
| 700 | 1 | |a Garrard, Ian. | |
| 830 | 0 | |a Business of shipping series | |
| 852 | |a INST |b CHIOS |e 20000710 |h 338.4762382 BRU |p 005200017997 |q 005200017997 |t BK |y 0 | ||
| 901 | |a BIBL2-2000-2 | ||
| 909 | |a Χ |b 075800 | ||
| 970 | |z 2000/07/ΜΠΡΑΤΤΗΣ | ||